Ejercicios de concentración 2
Guardado en:
| Autores principales: | , |
|---|---|
| Formato: | Libro |
| Lenguaje: | español |
| Publicado: |
Barcelona
J. Domingo Ferrer S.A
1975
|
| Edición: | 1a. ed |
| Materias: | |
| Etiquetas: |
Agregar Etiqueta
Sin Etiquetas, Sea el primero en etiquetar este registro!
|
MARC
| LEADER | 00000nam a2200000 a 4500 | ||
|---|---|---|---|
| 001 | UCI3678 | ||
| 003 | CL-VaPUC | ||
| 008 | 071123e19750000SP |||||||||||||||||spa|d | ||
| 082 | 0 | 4 | |a 372.7 |b MUL |2 21 |
| 100 | |a Müller, Heiner |e autor |9 525158 | ||
| 700 | 0 | |a Vogel, Heinz |e author |9 525159 | |
| 245 | 1 | 0 | |a Ejercicios de concentración 2 |
| 250 | |a 1a. ed | ||
| 300 | |a 31 p | ||
| 942 | |c BK | ||
| 945 | |d 20071123 00:00:00 |a rbrito | ||
| 260 | |a Barcelona |b J. Domingo Ferrer S.A |c 1975 | ||
| 650 | 0 | |a Matemáticas |x Enseñanza |9 875527 | |
| 650 | 0 | |a Percepción |9 266750 | |
| 650 | 0 | |a Educación básica |9 224933 | |
| 583 | |a last modification |c 20071123 00:00:00 |k Rodrigo Vera | ||
| 999 | |c 327809 |d 327807 | ||
| 952 | |0 0 |1 0 |2 ddc |4 0 |6 372_700000000000000_MUL_1975 |7 0 |8 A |9 411278 |a BIBEDU |b BIBEDU |c GEN |d 2019-11-22 |i 4392124 |o 372.7 MUL 1975 |p 4392124 |r 2019-11-22 |w 2019-11-22 |y BK |k EPE | ||